|
|
|
|
| LEADER |
00000cam a2200000 7i4500 |
| 001 |
0000004328 |
| 005 |
20230616.0 |
| 008 |
991212 my may |
| 020 |
|
|
|a 9836220178 (hbk)
|
| 040 |
|
|
|a INS
|
| 090 |
0 |
0 |
|a TR146
|b .H1899 1992
|
| 100 |
0 |
|
|a Hamzah Hurmin
|
| 245 |
1 |
0 |
|a Fotografi
|c by Hamzah Hurmin
|
| 260 |
|
|
|a Kuala Lumpur :
|b Dewan Bahasa dan Pustaka ,
|c c1992
|
| 300 |
|
|
|a xiii, 197 p. :
|b ill. ;
|c 28 cm.
|
| 500 |
|
|
|a Includes index
|
| 650 |
|
0 |
|a Photography
|
| 999 |
|
|
|a 0000005697
|b BOOK
|c Open Shelf
|e Default branch
|
| 999 |
|
|
|a 0000007261
|b BOOK
|c Open Shelf
|e Default branch
|
| 999 |
|
|
|a 0000009130
|b BOOK
|c Open Shelf
|e Default branch
|